Reprezentacje w piłce nożnej które nie są krajami wg. Jetpunk - Statystyki

Ogólne statystyki
  • Ten quiz został rozwiązany 36 razy
  • Średni wynik to 10 z 24
Statystyki odpowiedzi
Jetpunk Reprezentacja % Poprawnych
Wielka Brytania Anglia
85%
Wielka Brytania Walia
85%
Wielka Brytania Irlandia Północna
82%
Wielka Brytania Szkocja
82%
Dania Wyspy Owcze
76%
Wielka Brytania Gibraltar
65%
Holandia Curacao
53%
Chiny Hong Kong
50%
Stany Zjednoczone Portoryko
47%
Stany Zjednoczone Guam
35%
Wielka Brytania Brytyjskie Wyspy Dziewicze
32%
Francja Nowa Kaledonia
32%
Chiny Makau
29%
terytorium sporne Palestyna
29%
Holandia Aruba
26%
Francja Tahiti
26%
Nowa Zelandia Wyspy Cooka
26%
Wielka Brytania Bermudy
24%
Stany Zjednoczone Samoa Amerykańskie
24%
Wielka Brytania Kajmany
21%
Stany Zjednoczone Wyspy Dziewicze Stanów Zjednoczonych
21%
Wielka Brytania Anguilla
18%
Wielka Brytania Montserrat
15%
Wielka Brytania Turks i Caicos
12%
Nie znaleziono quizów pasujących do podanych kryteriów
Rozkład punktacji
Procent ludzi z każdym wynikiem
Percentyl według liczby udzielonych odpowiedzi
Twoja historia wyników
Nie rozwiązałeś tego quizu